KUMAR AND CLARK'S CLINICAL MEDICINE (Record no. 216986)

MARC details
000 -LEADER
fixed length control field 00475nam a22001817a 4500
008 - FIXED-LENGTH DATA ELEMENTS--GENERAL INFORMATION
fixed length control field 260416b |||||||| |||| 00| 0 eng d
020 ## - INTERNATIONAL STANDARD BOOK NUMBER
International Standard Book Number 9780702078699
050 ## - LIBRARY OF CONGRESS CALL NUMBER
Classification number RC 46 .K46 2021
Item number C.1
100 ## - MAIN ENTRY--PERSONAL NAME
Personal name FEATHER ADAM
245 ## - TITLE STATEMENT
Title KUMAR AND CLARK'S CLINICAL MEDICINE
250 ## - EDITION STATEMENT
Edition statement 10TH
260 ## - PUBLICATION, DISTRIBUTION, ETC.
Place of publication, distribution, etc. NEW YORK
Name of publisher, distributor, etc. ELSEVIER
Date of publication, distribution, etc. 2021
300 ## - PHYSICAL DESCRIPTION
Extent 1544P
500 ## - GENERAL NOTE
General note INCLUDES INDEX
700 ## - ADDED ENTRY--PERSONAL NAME
Personal name RANDALL DAVID , WATERHOUSE MONA
942 ## - ADDED ENTRY ELEMENTS (KOHA)
Source of classification or shelving scheme Library of Congress Classification
Koha item type Long Loan Book
Holdings
Withdrawn status Lost status Source of classification or shelving scheme Damaged status Not for loan Collection Home library Current library Shelving location Date acquired Inventory number Total checkouts Full call number Barcode Date last seen Copy number Price effective from Koha item type Date due Date last checked out
    Library of Congress Classification     Medicine Kisii University Library Kisii University Library On Display 04/16/2026 112964   RC 46.K86 2021 A000369 04/16/2026 C.1 04/16/2026 Long Loan Book    
    Library of Congress Classification     Medicine Kisii University Library Kisii University Library On Display 04/16/2026 112965   RC 46.K86 2021 A000370 04/16/2026 C.2 04/16/2026 Long Loan Book    
    Library of Congress Classification     Medicine Kisii University Library Kisii University Library On Display 04/16/2026 112966 1 RC 46 .K86 2021 A000371 04/19/2026 C .3 04/16/2026 Long Loan Book 05/03/2026 04/19/2026
    Library of Congress Classification     Medicine Kisii University Library Kisii University Library On Display 04/16/2026 112967   RC 46 .K86 2021 A000372 04/16/2026 C .4 04/16/2026 Long Loan Book